| 000 -LEADER |
| fixed length control field |
00704nam a2200217Ia 4500 |
| 001 - CONTROL NUMBER |
| control field |
8297 |
| 003 - CONTROL NUMBER IDENTIFIER |
| control field |
GE_BSU |
| 005 - DATE AND TIME OF LATEST TRANSACTION |
| control field |
20240429123219.0 |
| 008 - FIXED-LENGTH DATA ELEMENTS--GENERAL INFORMATION |
| fixed length control field |
181216s2012||||ru |||||||||||||| ||rus|| |
| 020 ## - INTERNATIONAL STANDARD BOOK NUMBER |
| International Standard Book Number |
9785459009682 |
| 040 ## - CATALOGING SOURCE |
| Transcribing agency |
GE_BSU |
| 080 ## - UNIVERSAL DECIMAL CLASSIFICATION NUMBER |
| Universal Decimal Classification number |
159.964.2(042.4) Ф-86 |
| 100 ## - MAIN ENTRY--PERSONAL NAME |
| Personal name |
Фрейд, Зигмунд |
| 9 (RLIN) |
20688 |
| 245 ## - TITLE STATEMENT |
| Title |
Введение в психоанализ : |
| Remainder of title |
Лекции / |
| Statement of responsibility, etc. |
Зигмунд Фрейд ; Ред. П. Алесов. |
| 264 ## - PRODUCTION, PUBLICATION, DISTRIBUTION, MANUFACTURE, AND COPYRIGHT NOTICE |
| Place of production, publication, distribution, manufacture |
Санкт-Петербург : |
| Date of production, publication, distribution, manufacture, or copyright notice |
2012. |
| 300 ## - PHYSICAL DESCRIPTION |
| Extent |
384 стр. ; |
| Dimensions |
24см. |
| 440 ## - SERIES STATEMENT/ADDED ENTRY--TITLE |
| Title |
Мастера психологи |
| 9 (RLIN) |
21977 |
| 653 ## - INDEX TERM--UNCONTROLLED |
| keyword |
Введение в психоанализ |
| 942 ## - ADDED ENTRY ELEMENTS (KOHA) |
| Koha item type |
წიგნი |
| Source of classification or shelving scheme |
|